Chanteurs et musiciens en L (par images). - Statistiques

Statistiques générales
  • Ce quiz a été pris 519 fois
  • Le résultat moyen est 11 sur 20
Statistiques - réponses
Par images Réponse % Correct
Louane
98%
Lady Gaga
93%
John Lennon
86%
Marc Lavoine
84%
Grégory Lemarchal
80%
La Fouine
79%
Jennifer Lopez
72%
Nolwenn Leroy
71%
Lorie
70%
LMFAO
69%
Serge Lama
60%
Lacrim
44%
Louise Attaque
44%
Linkin Park
33%
Kendrick Lamar
31%
Catherine Lara
30%
Lil Peep
27%
Bernard Lavilliers
23%
Led Zeppelin
20%
Courtney Love
5%
Aucun quiz correspondant
Distribution des résultats
% des personnes avec chaque résultat
Percentile par nombre de réponses
Votre historique - résultats
Vous n’avez pas pris ce quiz